Music Quiz

Random Music or Country Music Quiz

Lyrics: When I Get Where I'm Going Quiz Stats

Quiz not verified by Sporcle

Challenge
Share
Tweet
Embed
Score 0/268 Timer 15:00
1 Play Today
% Correct
I
97.9%
I
97.9%
I
97.9%
I
97.9%
I
97.9%
I
97.9%
I
97.9%
I
97.9%
I
97.9%
I
97.9%
I
97.9%
I
97.9%
I
97.9%
I
97.9%
I
97.9%
I
97.9%
I
97.9%
I
97.9%
I
97.9%
I
97.9%
When
96.8%
get
96.8%
where
96.8%
going
96.8%
I'm
96.8%
I'm
96.8%
gonna
96.8%
I'm
96.8%
gonna
96.8%
when
96.8%
get
96.8%
where
96.8%
I'm
96.8%
going
96.8%
when
96.8%
where
96.8%
I'm
96.8%
going
96.8%
get
96.8%
I'm
96.8%
gonna
96.8%
when
96.8%
get
96.8%
where
96.8%
I'm
96.8%
going
96.8%
when
96.8%
get
96.8%
where
96.8%
I'm
96.8%
going
96.8%
when
96.8%
get
96.8%
where
96.8%
I'm
96.8%
going
96.8%
when
96.8%
get
96.8%
where
96.8%
I'm
96.8%
going
96.8%
when
96.8%
get
96.8%
where
96.8%
I'm
96.8%
When
96.8%
get
96.8%
where
96.8%
I'm
96.8%
going.
96.8%
the
95.7%
the
95.7%
the
95.7%
the
95.7%
the
95.7%
the
95.7%
going.)
95.7%
a
93.6%
a
93.6%
and
91.5%
and
91.5%
and
91.5%
and
91.5%
and
91.5%
and
91.5%
and
91.5%
and
91.5%
and
91.5%
and
91.5%
and
91.5%
% Correct
and
91.5%
and
91.5%
be
90.4%
be
90.4%
be
90.4%
to
89.4%
to
89.4%
on
88.3%
of
86.2%
of
86.2%
of
86.2%
is
83%
my
83%
my
83%
my
83%
my
83%
my
83%
my
83%
do
80.9%
do,
80.9%
no
79.8%
no
79.8%
no
79.8%
that
78.7%
it's
78.7%
will
78.7%
will
78.7%
he
78.7%
will
78.7%
will
78.7%
will
78.7%
what
77.7%
I'll
77.7%
for
77.7%
for
77.7%
I'll
77.7%
I'll
77.7%
I'll
77.7%
for
77.7%
I'll
77.7%
side
76.6%
thing
76.6%
his
76.6%
have
76.6%
have
76.6%
me
76.6%
me
76.6%
his
76.6%
have
76.6%
have
76.6%
me
76.6%
his
76.6%
have
76.6%
in
75.5%
in
75.5%
love
74.5%
love
74.5%
love
74.5%
first
73.4%
like
73.4%
Yeah,
73.4%
tears.
73.4%
Yeah,
73.4%
Yeah,
73.4%
tears.
73.4%
Yeah,
73.4%
Yeah,
73.4%
tears.
73.4%
far
72.3%
only
72.3%
happy
72.3%
only
72.3%
happy
72.3%
see
72.3%
only
72.3%
happy
72.3%
run
70.2%
there'll
70.2%
all
70.2%
there'll
70.2%
all
70.2%
All
70.2%
there'll
70.2%
through
69.1%
here.
69.1%
here.
69.1%
So
69.1%
so
69.1%
through.
69.1%
So
69.1%
% Correct
out
68.1%
don't
68.1%
him
68.1%
how
68.1%
him
68.1%
don't
68.1%
sky,
67%
find
67%
rain.
67%
these
67%
cry
67%
these
67%
cry
67%
we
67%
these
67%
face,
67%
spread
66%
wings
66%
fly.
66%
beside
66%
fingers
66%
fear.
66%
down
66%
Then
66%
fear
66%
down
66%
fear.
66%
lion
64.9%
drop
64.9%
heart
64.9%
open.
64.9%
walk
64.9%
with
64.9%
tell
64.9%
heart
64.9%
open.
64.9%
ride
63.8%
years
63.8%
wide
63.8%
he'll
63.8%
she
63.8%
years
63.8%
wide
63.8%
mane.
62.8%
might
62.8%
every
62.8%
missed
61.7%
match
60.6%
step
60.6%
step
60.6%
left.
60.6%
maker's
60.6%
carried
59.6%
leave
59.6%
since
59.6%
carried
59.6%
leave
59.6%
stand
59.6%
shed
58.5%
much
58.5%
much
58.5%
this
58.5%
much
58.5%
amazing
58.5%
grace.
58.5%
sins
57.4%
hug
57.4%
sins
57.4%
struggles
56.4%
minute
56.4%
struggles
56.4%
but
56.4%
(But
56.4%
neck.
55.3%
pain
55.3%
world
55.3%
light
55.3%
Or
53.2%
grandaddy
52.1%
can't
52.1%
land
51.1%
forever
48.9%
work
44.7%
darkness
43.6%
questions
43.6%
answer.
42.6%
stumble
35.1%
Hallelujah.
22.3%

You're not logged in!

Compare scores with friends on all Sporcle quizzes.
Join for Free
OR
Log In

You Might Also Like...

Show Comments

Extras

Top Quizzes Today


Score Distribution

Your Account Isn't Verified!

In order to create a playlist on Sporcle, you need to verify the email address you used during registration. Go to your Sporcle Settings to finish the process.

Report this User

Report this user for behavior that violates our Community Guidelines.

Details: